00185nam a2200073Ia 4500008004100000100002200041245002000063260002800083170817s9999 xx 000 0 und d aSHARMA RAMPRAKASH 0aProudh Shikshaa bAgarwal Prakashan Agara